00391nam a22001217a 4500008004100000041000800041082001800049110005400067245005400121260006400175300001600239650001400255200918b ||||| |||| 00| 0 eng d0 aeng00a954.08bI3911 aMinistry of information and Broad Casting, India.10aThe Collected Works of Mahatma Gandhi, Vol -VII / aDelhi :bMinistry of information and Broad Casting, c1962. axxi, 576 p. 0aBiography